01502nam a2200265 a 4500001001000000005001700010008004100027041000800068044000800076084002000084100004500104245014500149260004000294300001700334500039000351500018700741500001100928546002400939650005200963650005601015650003401071650004501105700003601150740005001186BRCA_334720190320204233.0250309s1887----nyu#---###---#000-0#eng-# aeng anyu a641b.D63c18871 aCervantes Saavedra, Miguel ded1547-161610aThe Ingenious Gentleman Don Quixote of la ManchacBy Miguel de Cervantes Saavedra; A Translation with Introduction and Notes by John Ormsby. aNueva YorkbMead Dodd and Co.c1887 a4 v.c23 cm. aContenido : v.1. Primera parte. Introducción biográfica de Cervantes y Don Quijote. Prólogo del autor. Versos preliminares. Notas. -- v.2. Primera parte. Texto. -- v.3. Segunda parte. Prólogo del autor. -- v.4. Segunda parte. Texto. Apéndices: I. Proverbios de Don Quijote II. Libros de caballería españoles III. Bibliografía de las ediciones y traducciones del Quijote aEjemplar igual al anterior [640], pero sin el escudo de la edición príncipe en la portada. Numerado con el número 44. Excelente impresión sobre papel de hilo Lúdovik Osterc aQM486A aTexto en : inglés14aNovela españolayÉpoca clásica, 1500-170014aLiteratura españolayÉpoca clásica, 1500-170014aNovela españolaySiglo XVII14aDon Quijote (Personaje ficticio)eNovela1 aOrmsby, Johnd1829-1895eEditor0 aEl Ingenioso Hidalgo Don Quijote de la Mancha